000 01261cam a2200325 a 4500
001 compactbedfordin00meye
003 CaSfIA
005 20230525155233.0
007 cr||||
008 961008s1997 mau 001 0 eng
010 _a 96085012
040 _aDLC
_cDLC
_dMLX
_dBTCTA
_dOCLCG
_dCaSfIA
020 _a0312132638 (pbk.)
020 _a9780312132637 (pbk.)
035 _a(OCoLC)35792419
050 0 0 _aPN6014
_b.C623 1997
082 0 0 _a808
_221
245 0 4 _aThe compact Bedford introduction to literature :
_h[electronic resource]
_breading, thinking, and writing /
_c[edited by] Michael Meyer.
246 3 0 _aIntroduction to literature
250 _a4th ed.
260 _aBoston :
_bBedford Books of St. Martin's Press,
_cc1997.
300 _axxxiv, 1540 p. ;
_c24 cm.
500 _aIncludes indexes.
505 2 _aReading imaginative literature -- Fiction -- Poetry -- Drama -- Critical thinking and writing.
650 0 _aLiterature
_vCollections.
650 0 _aCollege readers.
700 1 _aMeyer, Michael,
_d1945-
856 4 1 _uhttp://www.archive.org/details/compactbedfordin00meye
_zFree eBook from the Internet Archive
856 4 2 _uhttp://www.openlibrary.org/books/OL1022446M
_zAdditional information and access via Open Library
999 _c23951
_d23951